TV and Movie Actors Quiz Stats

Quiz Updated Feb 25, 2016

Challenge
Share
Tweet
Embed
Score 0/40 Timer 06:00
0 Plays Today
% Correct
Johnny Depp
93.5%
Michael J. Fox
93.1%
Tim Allen
92.6%
Charlie Sheen
91.2%
Ashton Kutcher
91%
Robin Williams
90.9%
Sarah Jessica Parker
90.8%
Mr. T
90.6%
Kevin Bacon
90.1%
Tom Hanks
89.5%
Lucy Liu
88.9%
John Travolta
88.7%
Clint Eastwood
88.6%
Kiefer Sutherland
88.1%
Danny DeVito
88.1%
George Clooney
87.7%
Shia LaBeouf
87.1%
Frankie Muniz
85.6%
Katherine Heigl
84.4%
Woody Harrelson
83.3%
% Correct
Martin Sheen
81.2%
Helen Hunt
80.6%
Alan Alda
80.5%
Billy Crystal
80%
Jennifer Lopez
79.9%
Ron Howard
79.8%
John Lithgow
78.9%
Jennifer Love Hewitt
78.7%
David Duchovny
78.5%
Tony Shalhoub
77.9%
Jane Seymour
77.2%
Jennifer Garner
76.5%
James Spader
73.5%
Goldie Hawn
71.2%
Jackie Gleason
69.7%
Groucho Marx
69.7%
Telly Savalas
69.2%
Cybill Shepherd
69.1%
Jessica Lange
69%
Burt Reynolds
67.8%

You're not logged in!

Compare scores with friends on all Sporcle quizzes.
Join for Free
OR
Log In

You Might Also Like...

Show Comments

Extras

Top Quizzes Today


Score Distribution

Your Account Isn't Verified!

In order to create a playlist on Sporcle, you need to verify the email address you used during registration. Go to your Sporcle Settings to finish the process.

Report this User

Report this user for behavior that violates our Community Guidelines.

Details: